000
00267 a2200121 4500
245
_a
Three Daughters of China
_h
Text
020
_a
0006374921
100
_a
Wild Swans
100
_a
Jung Chang
650
_a
History
005
20191021095750.0
260
_b
HarperFlamingo
_c
1991
084
_a
NONE
999
_c
12650
_d
12650